000 00769nam a22002890a 4500
001 PT60941
003 AR-LpoUNG
005 20210131232019.0
008 191001s2016||||ii |||||||||||||||||spa d
020 _a9786076187531
_c$10
040 _aAR-LpoUNG
_bspa
_cAR-LpoUNG
_eaacr
041 _aspa
044 _aii
082 0 _a808.068 3 263gat
100 1 _aBarroso Sañudo, Francisco Javier
_etr.
245 1 3 _aEl gato con botas
250 _a1ra. ed.
260 _aNueva Delhi :
_bMammoth World,
_c2016.
300 _a[32] p. :
_bil.
505 0 _aSugerido a partir de 0 años (etiqueta ROJA)
650 4 _aCUENTOS
650 4 _aLITERATURA
653 _aLITERATURA INFANTIL
710 2 _aMammoth World (Nueva Delhi)
905 _a60941
942 _cLIB
999 _c13234
_d13234